Szczegóły MARC21

Problemy psychologii życia /

003 -Nazwa inst., której nr kontr. jest w polu 001 [,]
    • @
    • Nazwa instytucji, której n kontrolny jest w polu 001
    • NUKAT
005 -DATA I CZAS OSTATNIEJ MODYFIKACJI [,]
    • @
    • pole kontrolne
    • 20241231090134.0
020 -Międzynarod. znormalizowany nr książki - ISBN [ , ]
    • a
    • Numer ISBN
    • 8388149571 Find
040 -Instytucja sporządzająca opis [ , ]
    • a
    • Instytucja, która sporządziła opis (NP)
    • TOR U/PDJR
    • c
    • Instytucja, która sporządziła rekord (NP)
    • TOR U/PDJR
    • d
    • Instytucja, która zmodyfikowała rekord (P)
    • TOR U/AP
942 -Rodzaj dokumentu [ , ]
    • c
    • Rodzaj dokumentu
    • Książka
100 -Hasło główne - nazwa osobowa [1, ]
    • a
    • Nazwa osobowa (NP)
    • Zaborowski, Zbigniew
    • d
    • Daty biograficzne (NP)
    • (1926-2006).
    • 9
    • KHW
    • 19803
245 -Strefa tytułu i oznaczenia odpowiedzialności [1,0]
    • a
    • Tytuł
    • Problemy psychologii życia / Find
    • c
    • Pozostałe elementy strefy tytułu i oznaczenia odpowiedzialności (NP)
    • Zbigniew Zaborowski.
250 -Strefa wydania [ , ]
    • a
    • Oznaczenie wydania (NP)
    • Wyd. 2 popr.
260 -Strefa adresu wydawniczego [ , ]
    • a
    • Miejsce wydania (P)
    • Warszawa :
    • b
    • Nazwa wydawcy (P)
    • Wydawnictwo Akademickie "Żak",
    • c
    • Data wydania (P)
    • cop. 2001.
300 -Strefa opisu fizycznego [ , ]
    • a
    • Określenie formy książki i/lub objętość (NP)
    • 309, [1] s. :
    • b
    • Oznaczenie ilustracji (NP)
    • rys. ;
    • c
    • Format (NP)
    • 21 cm.
336 -Typ zawartości [ , ]
    • a
    • Termin opisujący typ zawartości
    • Tekst
    • b
    • Kod określający zawartość
    • txt
    • 2
    • Źródło (terminu i kodu)
    • rdacontent
337 -Typ mediów [ , ]
    • a
    • Tryb odtwarzania
    • Bez urządzenia pośredniczącego
    • b
    • Kod typu mediów
    • n
    • 2
    • Źródło (terminu i kodu)
    • rdamedia
338 -Typ/rodzaj nośnika [ , ]
    • a
    • Hasło opisujące typ nośnika
    • Wolumin
    • b
    • Kod typu nośnika
    • nc
    • 2
    • Źródło (terminu i kodu)
    • rdacarrier
504 -Uwaga dot. bibliogr. załącznikowej [ , ]
    • a
    • Uwaga dot. bibliografii załącznikowej
    • Bibliogr. s. 306-307.
080 -Uniwersalna Klasyfikacja Dziesiętna [ , ]
    • 2
    • Identyfikator wydania tablic
    • UDC-P022
    • a
    • Symbol klasyfikacji
    • 159.9
    • b
    • Dopowiedzenie
    • Psychologia.
    • x
    • Poddział wspólny
    • (075.8)
    • b
    • Dopowiedzenie
    • (Podręczniki dla szkół wyższych. Skrypty).
650 -Hasło przedmiotowe [ ,7]
    • a
    • Hasło przedmiotowe
    • Psychologia
    • y
    • Określnik chronologiczny
    • 20 w.
    • 2
    • Źródło terminu
    • kaba
    • 9
    • KHW
    • 353348
650 -Hasło przedmiotowe [ ,7]
    • a
    • Hasło przedmiotowe
    • Psychologia.
    • 2
    • Źródło terminu
    • kaba
    • 9
    • KHW
    • 126960
650 -Hasło przedmiotowe [ ,7]
    • a
    • Hasło przedmiotowe
    • Życie (filozofia).
    • 2
    • Źródło terminu
    • kaba
    • 9
    • KHW
    • 140983
650 -Hasło przedmiotowe [ ,7]
    • a
    • Hasło przedmiotowe
    • Styl życia.
    • 2
    • Źródło terminu
    • kaba
    • 9
    • KHW
    • 131522
650 -Hasło przedmiotowe [ ,7]
    • a
    • Hasło przedmiotowe
    • Zachowanie.
    • 2
    • Źródło terminu
    • kaba
    • 9
    • KHW
    • 137287
650 -Hasło przedmiotowe [ ,7]
    • a
    • Hasło przedmiotowe
    • Samoświadomość.
    • 2
    • Źródło terminu
    • kaba
    • 9
    • KHW
    • 129725
650 -Hasło przedmiotowe [ ,7]
    • a
    • Hasło przedmiotowe
    • Stosunki międzyludzkie.
    • 2
    • Źródło terminu
    • kaba
    • 9
    • KHW
    • 131283
650 -Hasło przedmiotowe [ ,7]
    • a
    • Hasło przedmiotowe
    • Życie
    • x
    • Określnik rzeczowy
    • aspekt psychologiczny.
    • 2
    • Źródło terminu
    • kaba
    • 9
    • KHW
    • 355075
650 -Hasło przedmiotowe [ ,7]
    • a
    • Hasło przedmiotowe
    • Psychologia egzystencjalna.
    • 2
    • Źródło terminu
    • kaba
    • 9
    • KHW
    • 143690
980 -Symbol UKD [ , ]
    • a
    • UKD
    • 159.9(075.8)
710 -Hasło dodatkowe - nazwa ciała zbiorowego [2, ]
    • a
    • Nazwa ciała zbiorowego lub nazwa geograficzna jako pierwszy element (NP)
    • Wydawnictwo Akademickie Żak.
    • 4
    • Kod relacji
    • pbl
    • 9
    • KHW
    • 56877
920 -ISBN [ , ]
    • a
    • ISBN
    • 83-88149-57-1 Find
Numer inwentarzowy Status udost. Lokalizacja Data inwentaryzacji
Pd.18474-3BG2007-06-06
Pd.184731BG2007-06-06